| 000 | 00435nam a2200169Ia 4500 | ||
|---|---|---|---|
| 008 | 221030s9999 xx 000 0 und d | ||
| 020 | _a8131733769 | ||
| 041 | _aEnglish | ||
| 100 | _aB. Berman | ||
| 245 | 0 |
_aRetail Management - A Strategic Approach _cby B. Berman, J. R. Evans |
|
| 250 | _a11th | ||
| 260 |
_bPearson Education _aNew Delhi _c2013 |
||
| 300 | _a652 | ||
| 650 | _aManagement | ||
| 700 | _aJ. R. Evans | ||
| 942 | _cBK | ||
| 999 |
_c15843 _d15843 |
||